Quiz STAPS - Statistiques

Statistiques générales
  • Ce quiz a été pris 23 fois
  • Le résultat moyen est 4 sur 20
Statistiques - réponses
Question Réponse % Correct
Que veut dire le T de "STAPS" ? Techniques
70%
Complétez cette formule : ATP → ___ + Pi + Énergie ADP
60%
Quelle filière énergétique est principalement utilisée lors de l'épreuve du 100m ? Anaérobie alactique
35%
Comme dit-on "plongée sous marine" en anglais ? Scuba diving
25%
Que signifie SHN ? Sportif de Haut Niveau
25%
Quelle est la formule du glucose ? C6H12O6
20%
Complétez cette définition de la motivation : “le concept de motivation représente le construit ___ utilisé afin de décrire les forces internes et/ou externes produisant le déclenchement, la direction, l’intensité, la persistance et l’arrêt du comportement” Hypothétique
15%
Comment nomme t-on la partie centrale de la rétine ? La fovéa
15%
Qui a théorisé le concept d'habitus ? Pierre Bourdieu
15%
Qui est considérée comme la pionnière du sport féminin au début du XXème siècle ? Alice Milliat
10%
Comment appelle t-on une accentuation excessive de la courbure lombaire ? Hyperlordose
10%
Comment appelle t-on la surface délimitée par les points d'appuis au sol du corps humain ? Le polygone de sustentation
10%
Le soléaire appartient à quel groupe musculaire ? Le triceps sural
10%
Combien faut 180° en radian ? π radians
10%
Que veut dire "concussion" en anglais ? Commotion cérébrale
5%
Comment appelle t-on un sport avec une présence d'adversaire indirect (ex : 100m / natation) ? Habileté Comotrice
5%
Un élève qui respecte la règle uniquement quand il est surveillé sera dans une situation d'___. Hétéronomie
5%
Quels récepteurs sous-cutanés détectent la douleur ? Les nocicepteurs
5%
De qui cette définition vient-elle ? Vallerand / Thill
5%
Quel physiologiste a formulé le principe de "milieu intérieur" ? Claude Bernard
0%
Aucun quiz correspondant
Distribution des résultats
% des personnes avec chaque résultat
Percentile par nombre de réponses
Votre historique - résultats
Vous n’avez pas pris ce quiz